Quiz o naszym polskim papieżu - Statystyki

Ogólne statystyki
  • Ten quiz został rozwiązany 53 razy
  • Średni wynik to 12 z 15
Statystyki odpowiedzi
Zagadnienie Odpowiedź % Poprawnych
Jakie było prawdziwe imię papieża ? Karol Wojtyła
100%
O której godzinie zmarł ? 21:37
98%
Jakie było jego ulubione ciastko ? Kremówka
98%
Gdzie urodził się papież ? Wadowice
98%
W którym roku został papieżem ? 1978
95%
Jak nazywał się zamachowca Mehmet Ali Ağca
86%
W którym roku urodził się papież ? 1920
84%
W którym roku odwiedził Polskę po raz pierwszy jako papież ? 1979
80%
Jakie było papieskie zawołanie ? Totus Tuus
80%
W którym roku doszło do zamachu na życie papieża ? 1981
77%
Gdzie odbył swą pierwszą pielgrzymkę jako papież ? Meksyk
70%
Ile lat trwał jego pontyfikat ? ~26
66%
W którym roku został kanonizowany ? 2014
61%
W którym roku został beatyfikowany ? 2011
55%
Którym był z kolei papieżem ? 263
43%
Nie znaleziono quizów pasujących do podanych kryteriów
Rozkład punktacji
Procent ludzi z każdym wynikiem
Percentyl według liczby udzielonych odpowiedzi
Twoja historia wyników
Nie rozwiązałeś tego quizu